Bruce Lee Filmography - Statistics

General Stats
  • This quiz has been taken 83 times
    24 since last reset
  • The average score is 15 of 96
Answer Stats
Type Year Name % Correct
Film 1973 Enter the Dragon
89%
Film 1972 Fist of Fury
72%
Film 1971 The Big Boss
61%
TV Show 1966-1967 The Green Hornet
61%
Film 1974 The Green Hornet
61%
Film 1972 The Way of the Dragon
61%
Film 1972 The Game of Death
50%
Video Game 1984 Bruce Lee
39%
Documentary 2004 Dragon: Since 1973
39%
Documentary 2003 Cinema Hong Kong: Kung Fu
33%
Film 1960 The Orphan
33%
TV Show 1966, 1967 Batman
28%
Documentary 1993 Bruce Lee: The Curse of the Dragon
28%
Video Game 1993 Dragon: The Bruce Lee Story
28%
Film 1981 Game of Death II
28%
TV Show 1971 Longstreet
28%
Film 1969 Marlowe
28%
Film 1950 The Kid
28%
TV Show 1968 Blondie
22%
Documentary 1984 Bruce Lee, the Legend
22%
Short Documentary 1994 Bruce Lee: The Lost Interview
22%
Film 1978 Circle of Iron
22%
Documentary 1993 Death by Misadventure: The Mysterious Life of Bruce Lee
22%
TV Show 1969 Here Come the Brides
22%
TV Show 1967 Ironside
22%
Documentary 1992 Bruce Lee and Kung Fu Mania
17%
Documentary 2000 Bruce Lee: A Warrior's Journey
17%
Documentary 1990 Bruce Lee - Best of the Best
17%
Documentary 1994 Cinema of Vengeance
17%
TV Show 1970, 1972 Enjoy Yourself Tonight
17%
TV Show 1993 Fame in the Twentieth Century
17%
TV Show 1999 Famous Families
17%
TV Mini-Series 2003 I Love the '70s
17%
Documentary 1974 Kung Fu Killers
17%
TV Show 2007 La Rentadora
17%
Documentary 1990 The Best of the Martial Arts Films
17%
Short Documentary 1973 The Last Days of Bruce Lee
17%
TV Show 1971 The Pierre Berton Show
17%
Documentary 1977 The Real Bruce Lee
17%
Film 1968 The Wrecking Crew
17%
Documentary 1993 Top Fighter
17%
TV Show 1966 Where the Action Is
17%
Film 1953 A Mother's Tears
11%
Film 1953 A Myriad Homes
11%
Film 1955 An Orphan's Tragedy
11%
Film 1953 Blame it on Father
11%
Video Game 2002 Bruce Lee: Quest of the Dragon
11%
Documentary 1994 Bruce Lee: The Immortal Dragon
11%
Documentary 1973 Bruce Lee, the Man and the Legend
11%
Video Game 2014 EA Sports UFC
11%
Film 1941 Golden Gate Girl
11%
Film 1951 Infancy
11%
Film 1953 In the Face of Demolition
11%
Film 1955 Love
11%
Film 1955 Love Part 2
11%
Film 1955 Orphan's Song
11%
Film 1949 Sai See in the Dream
11%
Film 1946 The Birth of Mankind
11%
Film 1953 The Guiding Light
11%
TV Documentary 1994 The Life of Bruce Lee
11%
Film 1957 The Thunderstorm
11%
Film 1956 The Wise Guys Who Fool Around
11%
Film 1956 Too Late for Divorce
11%
Film 1948 Wealth is Like a Dream
11%
Video Game 2010 Bruce Lee: Dragon Warrior
6%
Video Game 2014 Bruce Lee: Enter the Game
6%
Documentary 1998 Bruce Lee: In His Own Words
6%
Video Game 1989 Bruce Lee Lives: The Fall of Hong Kong Palace
6%
Video Game 2003 Bruce Lee: Return of the Legend
6%
Documentary 1998 Bruce Lee: The Path of the Dragon
6%
Documentary 2012 I Am Bruce Lee
6%
Video Game 2011 KungFu Warrior
6%
Film 1955 We Owe It to Our Children
6%
Video Game 2018 Bruce Lee Dragon Run
0%
Documentary 2000 Bruce Lee in G.O.D.: Shibōteki Yūgi
0%
Documentary 2009 Bruce Lee: Pursuit of the Dragon
0%
Documentary 1995 Bruce Lee's Jeet Kune Do
0%
Documentary 1999 Bruce Lee: The Intercepting Fist
0%
TV Documentary 1999 Bruce Lee: The Legend Lives On
0%
Documentary 2003 Bruce Lee: The Legend, the Man and the Legend
0%
Documentary 2022 Bruce Lee: The Way of the Warrior
0%
Documentary 1999 Century Hero
0%
Documentary 1993 Face to Face: Jackie Chan vs. Bruce Lee
0%
Documentary 2013 Fighter of Death
0%
Documentary 1999 Hollywood Screen Tests: Take 2
0%
TV Documentary 2009 How Bruce Lee Changed the World
0%
Documentary 2002 Jackie Chan: Fast, Funny and Furious
0%
Documentary 1998 Jackie Chan: My Story
0%
Documentary 2002 Modern Warriors
0%
Documentary 1998 Mystic Origins of the Martial Arts
0%
Documentary 2009 Sebring
0%
Documentary 2002 The Art of Action: Martial Arts in Motion Picture
0%
Documentary 2023 The Final Game of Death
0%
Documentary 1998 The Immortal Masters
0%
TV Show 1966 The Milton Berle Show
0%
Documentary 2001 The Unbeatable Bruce Lee
0%
No matching quizzes found
Score Distribution
Percent of People with Each Score
Percentile by Number Answered
Your Score History
You have not taken this quiz since the last reset